| 000 | 00584nam a22001695i 4500 | ||
|---|---|---|---|
| 001 | 170043 | ||
| 003 | ES-MaACL | ||
| 005 | 20250826054858.0 | ||
| 008 | 090119q1880 sp |||| | spa d | ||
| 245 | 0 | 0 | _aPublicaciones de la Revista de medicina y cirugía prácticas. |
| 260 |
_a[S.l. : _bRevista de Medicina y Cirugía Prácticas, _cca. 1880] |
||
| 300 |
_a13 p. ; _c22 cm. |
||
| 594 | _aEjemplar sin portada; datos tomados del encabezamiento del texto. | ||
| 650 | 7 |
_aMedicina- _vBibliografías _2 _9158981 |
|
| 852 | 4 |
_aES-MaACL _jT-435-F-13 |
|
| 999 |
_c170043 _d170043 |
||